000 00417cam a2200181ua 4500
020 _c2.50
041 _aeng
_h
082 _a306
_bDUT/CU
100 _aDutt, C.C .
245 _aCulture of India /
_cC.C.Dutt.
_hTextual Documents
250 _a1 /
_b.
260 _aMumbai :
_bBharatiya Vidya Bhavan ,
_c1960.
300 _a152 ; .
365 _a2.50
504 _a
942 _cBK
999 _c1892
_d1892